Implantes dentales: sistema Astra Tech (Registro nro. 3900)
[ vista simple ]
| 000 -CABECERA | |
|---|---|
| campo de control de longitud fija | 00590aam a2200229 4500 |
| 005 - FECHA Y HORA DE ACTUALIZACIÓN | |
| campo de control | 20180803143707.0 |
| 008 - LONGITUD FIJA | |
| campo de control de longitud fija | 150312b xxu||||| |||| 00| 0 spa d |
| 041 ## - IDIOMA | |
| Código de idioma del texto/pista de sonido o título separado | |
| 082 ## - CLASIFICACIÓN DECIMAL DEWEY | |
| Número de clasificación | 617.692 N886i |
| 100 ## - AUTOR PERSONAL | |
| Nombre de persona | Norton, Michael |
| 245 ## - TÍTULO PROPIAMENTE DICHO | |
| Título | Implantes dentales: sistema Astra Tech |
| 260 ## - PIE DE IMPRENTA | |
| Lugar de publicación, distribución, etc. | España |
| 260 ## - PIE DE IMPRENTA | |
| Nombre del editor, distribuidor, etc. | Marban |
| 260 ## - PIE DE IMPRENTA | |
| Fecha de publicación, distribución, etc. | 1998 |
| 300 ## - DESCRIPCIÓN FÍSICA | |
| Extensión | 116 páginas |
| 650 ## - Materia General | |
| Materia general | IMPLANTES DENTALES |
| 650 ## - Materia General | |
| Materia general | PUENTE FIJO |
| 650 ## - Materia General | |
| Materia general | SOBREDENTADURAS |
| 650 ## - Materia General | |
| Materia general | PRÓTESIS FIJA |
| 650 ## - Materia General | |
| Materia general | PRÓTESIS REMOVIBLE |
| 942 ## - Punto de Acceso Adicional Koha | |
| Tipo de ítem Koha | Libro |
| Estado perdido | Estado dañado | No para préstamo | Biblioteca permanente | Biblioteca actual | Signatura completa | Código de barras | Tipo de ítem |
|---|---|---|---|---|---|---|---|
| Departamento de Biblioteca y Documentación Alfonso Chase Brenes | Departamento de Biblioteca y Documentación Alfonso Chase Brenes | 617.692 N886i | 6722 | Libro |